| 000 | 00423nam a2200169Ia 4500 | ||
|---|---|---|---|
| 008 | 210716s1993 xx 000 0 und d | ||
| 020 | _a0814454941 | ||
| 041 | _aeng | ||
| 082 | _a658.802 MONP | ||
| 100 | _aMontana, Partrick J. | ||
| 245 | _aMarketing in nonprofit organizations. | ||
| 250 | _a1 | ||
| 260 |
_aNew York _bAMACOM _c1993 |
||
| 300 | _axviii,188 | ||
| 650 | _aMarketing | ||
| 700 | _aMontana, Partrick J. | ||
| 999 |
_c202463 _d202463 |
||